[Event "3e Open de Bastia"]
[Site "Bastia"]
[Date "2023.07.10"]
[Round "5.4"]
[White "Roberson, Peter T"]
[Black "Collutiis, Duilio"]
[Result "0-1"]
[BlackElo "2341"]
[WhiteElo "2433"]
[LiveChessVersion "1.4.6"]

1. e4 {[%clk 0:15:04]} c5 {[%clk 0:15:03]} 2. Be2 {[%clk 0:15:06]} Nc6
{[%clk 0:15:03]} 3. f4 {[%clk 0:15:08]} d5 {[%clk 0:15:01]} 4. d3
{[%clk 0:15:09]} g6 {[%clk 0:14:56]} 5. Nf3 {[%clk 0:15:10]} Bg7 {[%clk 0:14:57]}
6. O-O {[%clk 0:15:11]} e6 {[%clk 0:14:58]} 7. c3 {[%clk 0:15:01]} Nge7
{[%clk 0:14:45]} 8. Na3 {[%clk 0:13:59]} b6 {[%clk 0:14:41]} 9. e5
{[%clk 0:13:59]} a6 {[%clk 0:14:35]} 10. d4 {[%clk 0:14:01]} cxd4
{[%clk 0:14:12]} 11. cxd4 {[%clk 0:14:00]} h5 {[%clk 0:14:12]} 12. Nc2
{[%clk 0:13:42]} a5 {[%clk 0:13:52]} 13. b3 {[%clk 0:12:46]} Nf5 {[%clk 0:13:44]}
14. Ba3 {[%clk 0:12:42]} Bf8 {[%clk 0:13:04]} 15. Bb5 {[%clk 0:11:30]} Bd7
{[%clk 0:13:05]} 16. Bxf8 {[%clk 0:11:25]} Kxf8 {[%clk 0:13:05]} 17. a4
{[%clk 0:09:57]} Kg7 {[%clk 0:12:22]} 18. Qd2 {[%clk 0:09:35]} Qe7
{[%clk 0:12:03]} 19. h3 {[%clk 0:08:21]} Ng3 {[%clk 0:11:29]} 20. Rfc1
{[%clk 0:08:09]} Rhc8 {[%clk 0:10:36]} 21. Qe1 {[%clk 0:07:51]} h4
{[%clk 0:09:24]} 22. Bd3 {[%clk 0:04:50]} Nh5 {[%clk 0:06:26]} 23. Ng5
{[%clk 0:03:29]} Ng3 {[%clk 0:05:57]} 24. Nf3 {[%clk 0:01:39]} Rh8
{[%clk 0:04:31]} 25. Kh2 {[%clk 0:01:18]} Nh5 {[%clk 0:04:31]} 26. Qd2
{[%clk 0:01:14]} Rhc8 {[%clk 0:04:20]} 27. Ng5 {[%clk 0:00:28]} Nb4
{[%clk 0:03:53]} 28. Nxb4 {[%clk 0:00:28]} Qxb4 {[%clk 0:03:53]} 29. Qf2
{[%clk 0:00:07]} Qxb3 {[%clk 0:03:47]} 30. Qe3 {[%clk 0:00:04]} Ng3
{[%clk 0:02:56]} 31. Nf3 {[%clk 0:00:06]} Rxc1 {[%clk 0:02:41]} 32. Rxc1
{[%clk 0:00:08]} Nf5 {[%clk 0:02:37]} 33. Qd2 {[%clk 0:00:11]} Qb4
{[%clk 0:02:36]} 34. Qf2 {[%clk 0:00:05]} Qa3 {[%clk 0:02:22]} 35. Bxf5
{[%clk 0:00:06]} Qxc1 {[%clk 0:02:23]} 36. Qxh4 {[%clk 0:00:08]} exf5
{[%clk 0:01:58]} 37. Qf6+ {[%clk 0:00:09]} Kg8 {[%clk 0:01:59]} 38. Ng5
{[%clk 0:00:05]} Qxf4+ {[%clk 0:01:56]} 39. Kh1 {[%clk 0:00:08]} Be8
{[%clk 0:00:44]} 40. e6 {[%clk 0:00:10]} Qc7 {[%clk 0:00:46]} 41. exf7+
{[%clk 0:00:04]} Bxf7 {[%clk 0:00:47]} 42. Nf3 {[%clk 0:00:05]} Rc8
{[%clk 0:00:36]} 43. Ne5 {[%clk 0:00:05]} Qc1+ {[%clk 0:00:37]} 44. Kh2
{[%clk 0:00:07]} Qf4+ {[%clk 0:00:39]} 45. Kg1 {[%clk 0:00:07]} Rc1#
{[%clk 0:00:41]} 0-1

[Event "3e Open de Bastia"]
[Site "Bastia"]
[Date "2023.07.10"]
[Round "5.5"]
[White "Fedorchuk, Sergey A."]
[Black "Bouslimi, Nabil"]
[Result "1-0"]
[BlackElo "2087"]
[WhiteElo "2589"]
[LiveChessVersion "1.4.6"]

1. e4 {[%clk 0:15:04]} e6 {[%clk 0:15:04]} 2. d4 {[%clk 0:15:04]} d5
{[%clk 0:15:06]} 3. Nd2 {[%clk 0:15:05]} Nf6 {[%clk 0:15:07]} 4. e5
{[%clk 0:15:06]} Nfd7 {[%clk 0:15:09]} 5. Ngf3 {[%clk 0:15:06]} c5
{[%clk 0:15:06]} 6. c3 {[%clk 0:15:08]} Nc6 {[%clk 0:15:08]} 7. Bd3
{[%clk 0:15:08]} Qb6 {[%clk 0:14:54]} 8. O-O {[%clk 0:15:08]} Be7
{[%clk 0:14:47]} 9. dxc5 {[%clk 0:13:50]} Bxc5 {[%clk 0:13:59]} 10. Qe2
{[%clk 0:13:35]} a5 {[%clk 0:13:28]} 11. Nb3 {[%clk 0:13:19]} Be7
{[%clk 0:13:25]} 12. Nbd4 {[%clk 0:13:18]} Nc5 {[%clk 0:12:06]} 13. Bc2
{[%clk 0:13:01]} Bd7 {[%clk 0:11:10]} 14. a4 {[%clk 0:12:42]} f6 {[%clk 0:09:54]}
15. exf6 {[%clk 0:12:19]} Bxf6 {[%clk 0:08:38]} 16. Be3 {[%clk 0:10:57]} O-O
{[%clk 0:07:12]} 17. Nxe6 {[%clk 0:10:15]} Bxe6 {[%clk 0:07:00]} 18. Bxc5
{[%clk 0:10:16]} Qxc5 {[%clk 0:07:02]} 19. Qxe6+ {[%clk 0:10:17]} Kh8
{[%clk 0:06:56]} 20. Qh3 {[%clk 0:11:13]} g6 {[%clk 0:06:45]} 21. Bxg6
{[%clk 0:11:13]} Qe7 {[%clk 0:06:47]} 22. Rae1 {[%clk 0:10:45]} Qg7
{[%clk 0:06:39]} 23. Bd3 {[%clk 0:10:45]} Rg8 {[%clk 0:06:18]} 24. Re6
{[%clk 0:10:30]} Raf8 {[%clk 0:06:09]} 25. g3 {[%clk 0:09:15]} Nd8
{[%clk 0:04:54]} 26. Rd6 {[%clk 0:08:43]} Rf7 {[%clk 0:03:56]} 27. Rxd5
{[%clk 0:08:34]} Re8 {[%clk 0:03:15]} 28. Rh5 {[%clk 0:08:26]} 1-0

[Event "3e Open de Bastia"]
[Site "Bastia"]
[Date "2023.07.10"]
[Round "5.6"]
[White "Geronimi, Pierre-Francois"]
[Black "Degraeve, Remy"]
[Result "0-1"]
[BlackElo "2467"]
[WhiteElo "2025"]
[LiveChessVersion "1.4.6"]

1. e4 {[%clk 0:15:04]} c5 {[%clk 0:15:06]} 2. Nf3 {[%clk 0:15:05]} Nc6
{[%clk 0:15:08]} 3. d4 {[%clk 0:15:08]} cxd4 {[%clk 0:15:10]} 4. Nxd4
{[%clk 0:15:10]} e5 {[%clk 0:15:12]} 5. Nxc6 {[%clk 0:15:12]} bxc6
{[%clk 0:15:14]} 6. Bd3 {[%clk 0:15:14]} Nf6 {[%clk 0:15:15]} 7. Qe2
{[%clk 0:15:14]} Bc5 {[%clk 0:15:14]} 8. Nd2 {[%clk 0:15:07]} O-O
{[%clk 0:15:13]} 9. Nc4 {[%clk 0:14:12]} Re8 {[%clk 0:14:50]} 10. Bg5
{[%clk 0:13:31]} h6 {[%clk 0:14:52]} 11. Bh4 {[%clk 0:13:25]} d5 {[%clk 0:14:49]}
12. Nd2 {[%clk 0:13:23]} Rb8 {[%clk 0:14:34]} 13. Nb3 {[%clk 0:12:17]} Be7
{[%clk 0:14:32]} 14. Rd1 {[%clk 0:11:18]} a5 {[%clk 0:14:28]} 15. exd5
{[%clk 0:10:22]} cxd5 {[%clk 0:14:20]} 16. Bb5 {[%clk 0:10:04]} Bd7
{[%clk 0:14:16]} 17. Bxd7 {[%clk 0:09:47]} Qxd7 {[%clk 0:14:18]} 18. O-O
{[%clk 0:09:32]} a4 {[%clk 0:14:20]} 19. Bxf6 {[%clk 0:09:21]} Bxf6
{[%clk 0:14:10]} 20. Nc5 {[%clk 0:08:36]} Qc6 {[%clk 0:14:12]} 21. Nd3
{[%clk 0:08:18]} e4 {[%clk 0:13:41]} 22. Nf4 {[%clk 0:08:19]} d4 {[%clk 0:13:34]}
23. b3 {[%clk 0:07:51]} Rbc8 {[%clk 0:13:36]} 24. Nh5 {[%clk 0:07:32]} Be5
{[%clk 0:13:37]} 25. Qg4 {[%clk 0:07:05]} g6 {[%clk 0:13:16]} 26. Ng3
{[%clk 0:06:35]} Bxg3 {[%clk 0:12:43]} 27. hxg3 {[%clk 0:06:27]} Qc3
{[%clk 0:11:54]} 28. Qf4 {[%clk 0:05:21]} a3 {[%clk 0:11:45]} 29. Qxh6
{[%clk 0:04:29]} Qxc2 {[%clk 0:11:30]} 30. Rxd4 {[%clk 0:04:21]} Qxa2
{[%clk 0:11:32]} 31. Rd6 {[%clk 0:04:01]} Qb2 32. Qd2 {[%clk 0:01:28]} Qxb3
{[%clk 0:11:19]} 33. Ra1 {[%clk 0:01:01]} Ra8 {[%clk 0:11:18]} 34. Ra2
{[%clk 0:00:58]} Qb1+ {[%clk 0:10:55]} 35. Kh2 {[%clk 0:00:58]} Re5
{[%clk 0:10:20]} 36. g4 {[%clk 0:00:43]} Ree8 {[%clk 0:10:06]} 37. Rd7
{[%clk 0:00:17]} Qb6 {[%clk 0:09:31]} 38. Qd5 {[%clk 0:00:16]} Qf6
{[%clk 0:09:31]} 39. g5 {[%clk 0:00:14]} Qf4+ {[%clk 0:09:31]} 40. g3
{[%clk 0:00:16]} Qf3 {[%clk 0:09:32]} 41. Re7 {[%clk 0:00:12]} Rad8
{[%clk 0:08:12]} 42. Rxe8+ {[%clk 0:00:10]} Rxe8 {[%clk 0:08:14]} 43. Qc5
{[%clk 0:00:07]} e3 {[%clk 0:08:06]} 44. Qxa3 {[%clk 0:00:10]} Qh5+
{[%clk 0:08:08]} 45. Kg2 {[%clk 0:00:09]} e2 {[%clk 0:08:09]} 0-1

[Event "3e Open de Bastia"]
[Site "Bastia"]
[Date "2023.07.10"]
[Round "5.7"]
[White "Rakotomaharo, Fy Antenaina"]
[Black "Stoenescu, Radu"]
[Result "1-0"]
[BlackElo "1997"]
[WhiteElo "2463"]
[LiveChessVersion "1.4.6"]

1. e4 {[%clk 0:15:02]} c5 {[%clk 0:15:05]} 2. Nf3 {[%clk 0:15:04]} e6
{[%clk 0:15:07]} 3. d4 {[%clk 0:15:05]} cxd4 {[%clk 0:15:09]} 4. Nxd4
{[%clk 0:15:06]} Nc6 {[%clk 0:15:11]} 5. a3 {[%clk 0:15:06]} a6 {[%clk 0:14:52]}
6. c4 {[%clk 0:14:49]} Qc7 {[%clk 0:14:33]} 7. Nc3 {[%clk 0:14:50]} Nf6
{[%clk 0:14:35]} 8. Be3 {[%clk 0:14:30]} d6 {[%clk 0:14:30]} 9. Be2
{[%clk 0:14:28]} Be7 {[%clk 0:14:07]} 10. Rc1 {[%clk 0:14:24]} Bd7
{[%clk 0:14:01]} 11. f3 {[%clk 0:14:10]} Rc8 {[%clk 0:13:25]} 12. O-O
{[%clk 0:13:47]} O-O {[%clk 0:11:50]} 13. Nd5 {[%clk 0:13:44]} exd5
{[%clk 0:11:36]} 14. cxd5 {[%clk 0:13:44]} Qb8 {[%clk 0:11:12]} 15. dxc6
{[%clk 0:13:43]} Bxc6 {[%clk 0:11:06]} 16. Nxc6 {[%clk 0:13:16]} Rxc6
{[%clk 0:11:07]} 17. Rxc6 {[%clk 0:13:15]} bxc6 {[%clk 0:11:09]} 18. b4
{[%clk 0:12:56]} Qb7 {[%clk 0:10:47]} 19. Qa4 {[%clk 0:12:28]} Ra8
{[%clk 0:10:47]} 20. Rc1 {[%clk 0:12:19]} c5 {[%clk 0:10:26]} 21. bxc5
{[%clk 0:12:13]} dxc5 {[%clk 0:09:51]} 22. Bc4 {[%clk 0:12:09]} h6
{[%clk 0:08:23]} 23. Qc2 {[%clk 0:11:40]} Rd8 {[%clk 0:06:45]} 24. Rb1
{[%clk 0:11:37]} Qc6 {[%clk 0:06:35]} 25. Qb3 {[%clk 0:11:35]} Rf8
{[%clk 0:06:23]} 26. Qb7 {[%clk 0:09:50]} Qa4 {[%clk 0:05:50]} 27. Bb3
{[%clk 0:09:47]} Qd7 {[%clk 0:05:38]} 28. Qxa6 {[%clk 0:09:18]} g5
{[%clk 0:05:00]} 29. Bc4 {[%clk 0:07:14]} g4 {[%clk 0:04:41]} 30. Qb7
{[%clk 0:05:49]} Qd6 {[%clk 0:04:35]} 31. Kh1 {[%clk 0:05:20]} Rd8
{[%clk 0:03:31]} 32. Qb3 {[%clk 0:04:55]} Kh7 {[%clk 0:02:48]} 33. Bxf7
{[%clk 0:04:15]} g3 {[%clk 0:00:27]} 34. hxg3 {[%clk 0:04:03]} Qxg3
{[%clk 0:00:23]} 35. Qe6 {[%clk 0:03:14]} Bd6 {[%clk 0:00:24]} 36. Qh3
{[%clk 0:03:15]} Kg7 {[%clk 0:00:09]} 37. Rb7 {[%clk 0:02:09]} Rb8
{[%clk 0:00:04]} 38. Qxh6# {[%clk 0:01:49]} 1-0

[Event "3e Open de Bastia"]
[Site "Bastia"]
[Date "2023.07.10"]
[Round "5.8"]
[White "Piscopo, Pierluigi"]
[Black "Guazzelli, Jean-Baptiste"]
[Result "0-1"]
[BlackElo "2055"]
[WhiteElo "2331"]
[LiveChessVersion "1.4.6"]

1. c4 {[%clk 0:15:05]} c5 {[%clk 0:15:05]} 2. Nc3 {[%clk 0:15:07]} g6
{[%clk 0:15:06]} 3. e3 {[%clk 0:15:02]} Bg7 {[%clk 0:15:05]} 4. d4
{[%clk 0:15:02]} cxd4 {[%clk 0:15:04]} 5. exd4 {[%clk 0:15:04]} Nf6
{[%clk 0:15:05]} 6. d5 {[%clk 0:15:02]} d6 {[%clk 0:14:37]} 7. Be2
{[%clk 0:15:01]} O-O {[%clk 0:14:37]} 8. Nf3 {[%clk 0:15:03]} Bg4
{[%clk 0:14:34]} 9. Nd4 {[%clk 0:14:36]} Bxe2 {[%clk 0:14:32]} 10. Ndxe2
{[%clk 0:14:38]} Nbd7 {[%clk 0:14:34]} 11. O-O {[%clk 0:14:38]} Nc5
{[%clk 0:13:34]} 12. Be3 {[%clk 0:14:06]} Qc8 {[%clk 0:12:33]} 13. Re1
{[%clk 0:12:06]} Re8 {[%clk 0:12:27]} 14. Bd4 {[%clk 0:11:20]} e5
{[%clk 0:11:05]} 15. dxe6 {[%clk 0:11:20]} Qxe6 {[%clk 0:11:06]} 16. b3
{[%clk 0:09:34]} Nfe4 {[%clk 0:09:25]} 17. Bxg7 {[%clk 0:09:05]} Kxg7
{[%clk 0:09:26]} 18. Qd4+ {[%clk 0:09:08]} Qe5 {[%clk 0:09:15]} 19. Rad1
{[%clk 0:08:54]} Qxd4 {[%clk 0:08:03]} 0-1

[Event "3e Open de Bastia"]
[Site "Bastia"]
[Date "2023.07.10"]
[Round "6.1"]
[White "Relange, Eloi"]
[Black "Nevednichy, Vladislav"]
[Result "1/2-1/2"]
[BlackElo "2453"]
[WhiteElo "2462"]
[LiveChessVersion "1.4.6"]

1. Nf3 {[%clk 0:15:03]} Nf6 {[%clk 0:14:55]} 2. g3 {[%clk 0:15:02]} g6
{[%clk 0:14:51]} 3. Bg2 {[%clk 0:15:03]} Bg7 {[%clk 0:14:53]} 4. O-O
{[%clk 0:15:03]} O-O {[%clk 0:14:54]} 5. c4 {[%clk 0:14:56]} d6 {[%clk 0:14:54]}
6. Nc3 {[%clk 0:14:46]} e5 {[%clk 0:14:38]} 7. d3 {[%clk 0:14:37]} h6
{[%clk 0:14:37]} 8. Rb1 {[%clk 0:14:38]} a5 {[%clk 0:14:30]} 9. a3
{[%clk 0:14:39]} Nc6 {[%clk 0:13:01]} 10. b4 {[%clk 0:14:39]} axb4
{[%clk 0:13:03]} 11. axb4 {[%clk 0:14:40]} Nd4 {[%clk 0:13:04]} 12. b5
{[%clk 0:13:36]} Bg4 {[%clk 0:12:44]} 13. e3 {[%clk 0:11:33]} Nxf3+
{[%clk 0:12:35]} 14. Bxf3 {[%clk 0:11:34]} Bxf3 {[%clk 0:12:33]} 15. Qxf3
{[%clk 0:11:35]} b6 {[%clk 0:11:53]} 16. Bb2 {[%clk 0:11:06]} Re8
{[%clk 0:11:38]} 17. Ra1 {[%clk 0:09:59]} e4 {[%clk 0:10:56]} 18. Qe2
{[%clk 0:05:52]} exd3 {[%clk 0:10:44]} 19. Qxd3 {[%clk 0:05:53]} Nd7
{[%clk 0:10:08]} 20. Qe2 {[%clk 0:04:50]} Nf6 {[%clk 0:07:56]} 21. Nd5
{[%clk 0:04:28]} Nxd5 {[%clk 0:07:55]} 22. cxd5 {[%clk 0:04:29]} Qg5
{[%clk 0:07:31]} 23. Bxg7 {[%clk 0:04:26]} Kxg7 {[%clk 0:07:33]} 24. Qc4
{[%clk 0:04:26]} Qe7 {[%clk 0:07:05]} 25. Rfc1 {[%clk 0:04:19]} Rxa1
{[%clk 0:06:49]} 26. Rxa1 {[%clk 0:04:21]} h5 {[%clk 0:06:33]} 27. h4
{[%clk 0:04:15]} Rc8 {[%clk 0:05:56]} 28. Rc1 {[%clk 0:04:04]} Qe5
{[%clk 0:05:51]} 29. Kg2 {[%clk 0:03:59]} Kf8 {[%clk 0:05:31]} 30. Rc2
{[%clk 0:04:01]} Kg7 {[%clk 0:05:32]} 31. Rc1 {[%clk 0:03:57]} Kf8
{[%clk 0:05:34]} 32. Rc2 {[%clk 0:03:59]} Kg7 {[%clk 0:05:36]} 33. Rc1
{[%clk 0:04:00]} 1/2-1/2

[Event "3e Open de Bastia"]
[Site "Bastia"]
[Date "2023.07.10"]
[Round "6.2"]
[White "Collutiis, Duilio"]
[Black "Krasenkow, Michal"]
[Result "1-0"]
[BlackElo "2524"]
[WhiteElo "2341"]
[LiveChessVersion "1.4.6"]

1. d4 {[%clk 0:15:02]} g6 {[%clk 0:15:05]} 2. e4 {[%clk 0:14:57]} Bg7
{[%clk 0:15:07]} 3. Nf3 {[%clk 0:14:57]} d6 {[%clk 0:15:10]} 4. Bc4
{[%clk 0:14:56]} Nf6 {[%clk 0:15:08]} 5. Qe2 {[%clk 0:14:54]} O-O
{[%clk 0:15:08]} 6. e5 {[%clk 0:14:49]} dxe5 {[%clk 0:15:07]} 7. dxe5
{[%clk 0:14:51]} Nd5 {[%clk 0:15:10]} 8. h3 {[%clk 0:14:52]} c6 {[%clk 0:14:57]}
9. O-O {[%clk 0:14:50]} b5 {[%clk 0:14:50]} 10. Bb3 {[%clk 0:13:58]} Na6
{[%clk 0:14:42]} 11. Rd1 {[%clk 0:13:52]} e6 {[%clk 0:14:09]} 12. c4 bxc4
{[%clk 0:14:10]} 13. Bxc4 {[%clk 0:13:29]} Nc5 {[%clk 0:13:56]} 14. Nc3
{[%clk 0:12:41]} Qc7 {[%clk 0:13:29]} 15. Bd2 {[%clk 0:12:38]} Nb6
{[%clk 0:12:32]} 16. Re1 {[%clk 0:12:20]} Nxc4 {[%clk 0:12:13]} 17. Qxc4
{[%clk 0:12:21]} Nd7 {[%clk 0:12:14]} 18. Bf4 {[%clk 0:11:58]} c5
{[%clk 0:11:49]} 19. Nb5 {[%clk 0:11:33]} Qc6 {[%clk 0:11:30]} 20. Nd6
{[%clk 0:11:27]} Ba6 {[%clk 0:11:11]} 21. Qc1 {[%clk 0:11:28]} Rab8
{[%clk 0:10:43]} 22. b3 {[%clk 0:11:09]} Rb4 {[%clk 0:09:42]} 23. Qe3
{[%clk 0:10:08]} Nb6 {[%clk 0:08:50]} 24. Bh6 {[%clk 0:09:56]} Nd5
{[%clk 0:08:52]} 25. Qg5 {[%clk 0:09:55]} f6 {[%clk 0:07:58]} 26. Qd2
{[%clk 0:09:01]} fxe5 {[%clk 0:07:40]} 27. Bxg7 {[%clk 0:09:02]} Kxg7
{[%clk 0:07:39]} 28. Nc4 {[%clk 0:08:56]} Bxc4 {[%clk 0:05:58]} 29. Nxe5
{[%clk 0:08:49]} Qc7 {[%clk 0:05:35]} 30. bxc4 {[%clk 0:08:49]} Nf6
{[%clk 0:05:22]} 31. Rad1 {[%clk 0:08:42]} Rfb8 {[%clk 0:05:16]} 32. Qc3
{[%clk 0:08:29]} Kg8 {[%clk 0:04:41]} 33. Nd3 {[%clk 0:07:38]} Nd7
{[%clk 0:03:50]} 34. Nxb4 {[%clk 0:07:26]} cxb4 {[%clk 0:03:52]} 35. Qd4
{[%clk 0:07:20]} Nc5 {[%clk 0:03:52]} 36. Qd6 {[%clk 0:06:59]} Qxd6
{[%clk 0:03:52]} 37. Rxd6 {[%clk 0:07:00]} Rc8 {[%clk 0:03:54]} 38. Red1
{[%clk 0:06:41]} Kf7 {[%clk 0:03:53]} 39. Rd8 {[%clk 0:06:37]} Rc7
{[%clk 0:03:55]} 40. Rh8 {[%clk 0:06:37]} Kg7 {[%clk 0:03:56]} 41. Rdd8
{[%clk 0:06:38]} Ne4 {[%clk 0:03:47]} 42. Rdg8+ {[%clk 0:06:34]} Kh6
{[%clk 0:03:41]} 43. Rc8 Rd7 {[%clk 0:03:42]} 44. Rhd8 {[%clk 0:06:32]} Rf7
{[%clk 0:03:44]} 45. f3 {[%clk 0:06:31]} Nc3 {[%clk 0:03:47]} 46. Rd2
{[%clk 0:06:23]} a5 {[%clk 0:03:47]} 47. Ra8 {[%clk 0:06:24]} Rf5
{[%clk 0:03:49]} 48. Rc8 {[%clk 0:06:20]} a4 {[%clk 0:03:50]} 49. Rb8
{[%clk 0:06:20]} b3 {[%clk 0:03:28]} 50. axb3 {[%clk 0:06:20]} a3
{[%clk 0:03:30]} 51. Ra8 {[%clk 0:06:19]} a2 {[%clk 0:03:32]} 52. Raxa2
{[%clk 0:06:14]} Nxa2 {[%clk 0:03:34]} 53. Rxa2 {[%clk 0:06:15]} Kg5
{[%clk 0:03:37]} 54. b4 Kf4 {[%clk 0:03:40]} 55. Re2 {[%clk 0:05:50]} Kg3
{[%clk 0:03:16]} 56. Rxe6 {[%clk 0:05:36]} Rf8 {[%clk 0:03:19]} 57. Re4
{[%clk 0:05:21]} h5 {[%clk 0:03:21]} 58. Re5 {[%clk 0:05:09]} Rd8
{[%clk 0:03:18]} 59. Rg5+ {[%clk 0:05:05]} Kh4 {[%clk 0:03:20]} 60. Rd5
{[%clk 0:05:00]} Ra8 {[%clk 0:03:20]} 61. Kh2 {[%clk 0:05:01]} Ra2
{[%clk 0:03:17]} 62. b5 {[%clk 0:04:59]} Rb2 {[%clk 0:03:01]} 63. b6
{[%clk 0:04:59]} g5 {[%clk 0:03:04]} 64. Rb5 {[%clk 0:04:43]} Rc2
{[%clk 0:03:01]} 65. b7 {[%clk 0:04:44]} 1-0

[Event "3e Open de Bastia"]
[Site "Bastia"]
[Date "2023.07.10"]
[Round "6.3"]
[White "Carnicelli, Valerio"]
[Black "Rakotomaharo, Fy Antenaina"]
[Result "0-1"]
[BlackElo "2463"]
[WhiteElo "2344"]
[LiveChessVersion "1.4.6"]

1. e4 {[%clk 0:15:04]} e5 {[%clk 0:15:05]} 2. Nf3 {[%clk 0:15:05]} Nf6
{[%clk 0:15:07]} 3. Nc3 {[%clk 0:14:56]} Nc6 {[%clk 0:15:06]} 4. d4
{[%clk 0:14:57]} exd4 {[%clk 0:15:05]} 5. Nxd4 {[%clk 0:14:58]} Bc5
{[%clk 0:15:02]} 6. Nxc6 {[%clk 0:14:17]} bxc6 {[%clk 0:15:03]} 7. Bd3
{[%clk 0:14:06]} O-O {[%clk 0:14:49]} 8. O-O {[%clk 0:14:07]} Re8
{[%clk 0:14:43]} 9. Qf3 {[%clk 0:14:00]} d6 {[%clk 0:14:04]} 10. h3
{[%clk 0:13:53]} h6 {[%clk 0:13:38]} 11. Ne2 {[%clk 0:13:41]} Nd7
{[%clk 0:13:14]} 12. Qg3 {[%clk 0:13:21]} Qf6 {[%clk 0:13:16]} 13. Nf4
{[%clk 0:13:13]} Ne5 {[%clk 0:13:15]} 14. Nh5 {[%clk 0:13:00]} Qg6
{[%clk 0:13:12]} 15. Qxg6 {[%clk 0:12:57]} fxg6 {[%clk 0:12:54]} 16. Ng3
{[%clk 0:12:28]} Rf8 {[%clk 0:12:40]} 17. Bd2 {[%clk 0:11:51]} Bxh3
{[%clk 0:12:24]} 18. gxh3 {[%clk 0:10:10]} Nf3+ {[%clk 0:12:25]} 19. Kg2
{[%clk 0:10:12]} Nxd2 {[%clk 0:12:27]} 20. f3 {[%clk 0:09:39]} Nxf1
{[%clk 0:12:22]} 21. Rxf1 {[%clk 0:09:40]} Bd4 {[%clk 0:12:10]} 22. b3
{[%clk 0:09:42]} Be5 {[%clk 0:12:07]} 23. Ne2 {[%clk 0:09:42]} g5
{[%clk 0:12:10]} 24. Bc4+ {[%clk 0:09:32]} Kh7 {[%clk 0:12:06]} 25. Nc1
{[%clk 0:09:31]} a5 {[%clk 0:11:38]} 26. a4 {[%clk 0:09:33]} Rad8
{[%clk 0:11:32]} 27. Nd3 {[%clk 0:09:35]} Bc3 {[%clk 0:11:32]} 28. Nf2
{[%clk 0:09:26]} d5 {[%clk 0:11:19]} 29. Bd3 {[%clk 0:09:28]} g6 {[%clk 0:11:13]}
30. Rh1 {[%clk 0:08:37]} Kg7 {[%clk 0:10:57]} 31. h4 {[%clk 0:08:30]} gxh4
{[%clk 0:10:55]} 32. Rxh4 {[%clk 0:08:31]} h5 {[%clk 0:10:47]} 33. Rh3
{[%clk 0:08:32]} Be5 {[%clk 0:10:46]} 34. Rh1 {[%clk 0:08:26]} Rf6
{[%clk 0:10:42]} 35. Nh3 {[%clk 0:08:21]} Rdf8 {[%clk 0:10:35]} 36. Rf1
{[%clk 0:08:23]} Kh6 {[%clk 0:10:30]} 37. exd5 {[%clk 0:08:06]} cxd5
{[%clk 0:10:31]} 38. Be2 {[%clk 0:08:08]} g5 {[%clk 0:10:17]} 39. Nf2
{[%clk 0:08:09]} Bd4 {[%clk 0:10:01]} 40. Nd3 {[%clk 0:07:37]} g4
{[%clk 0:09:59]} 41. f4 {[%clk 0:07:21]} c5 {[%clk 0:08:57]} 42. Rh1
{[%clk 0:06:41]} c4 {[%clk 0:08:50]} 0-1

[Event "3e Open de Bastia"]
[Site "Bastia"]
[Date "2023.07.10"]
[Round "6.4"]
[White "Guazzelli, Jean-Baptiste"]
[Black "Fedorchuk, Sergey A."]
[Result "0-1"]
[BlackElo "2589"]
[WhiteElo "2055"]
[LiveChessVersion "1.4.6"]

1. e4 {[%clk 0:15:05]} c5 {[%clk 0:15:04]} 2. Nc3 {[%clk 0:15:06]} e6
{[%clk 0:15:02]} 3. g3 {[%clk 0:15:07]} Nc6 {[%clk 0:14:41]} 4. Bg2
{[%clk 0:15:08]} Nf6 {[%clk 0:13:58]} 5. Nge2 {[%clk 0:15:09]} d6
{[%clk 0:13:42]} 6. O-O {[%clk 0:15:03]} Be7 {[%clk 0:13:19]} 7. h3
{[%clk 0:13:08]} a6 {[%clk 0:12:46]} 8. f4 {[%clk 0:11:42]} Qc7 {[%clk 0:12:34]}
9. Kh2 {[%clk 0:10:46]} b5 {[%clk 0:10:33]} 10. a3 {[%clk 0:10:48]} Bb7
{[%clk 0:10:25]} 11. d4 {[%clk 0:10:12]} cxd4 {[%clk 0:10:12]} 12. Nxd4
{[%clk 0:10:11]} O-O {[%clk 0:09:50]} 13. Nxc6 {[%clk 0:06:32]} Bxc6
{[%clk 0:09:50]} 14. e5 {[%clk 0:05:46]} dxe5 {[%clk 0:08:28]} 15. fxe5
{[%clk 0:05:48]} Nd7 {[%clk 0:08:02]} 16. Bxc6 {[%clk 0:05:25]} Qxc6
{[%clk 0:08:03]} 17. Bf4 {[%clk 0:04:56]} Rad8 {[%clk 0:07:49]} 18. Qg4
{[%clk 0:04:50]} Kh8 {[%clk 0:07:48]} 19. Rae1 {[%clk 0:04:38]} Nb6
{[%clk 0:07:40]} 20. Re2 {[%clk 0:03:50]} Rd4 {[%clk 0:07:05]} 21. Qh5
{[%clk 0:03:40]} Nc4 {[%clk 0:06:52]} 22. Bc1 {[%clk 0:02:57]} Kg8
{[%clk 0:06:35]} 23. Rf4 {[%clk 0:02:49]} Rxf4 {[%clk 0:05:24]} 24. gxf4
{[%clk 0:02:51]} f5 {[%clk 0:05:22]} 25. exf6 {[%clk 0:02:20]} Rxf6
{[%clk 0:05:22]} 26. Ne4 {[%clk 0:01:58]} Rf7 {[%clk 0:02:38]} 27. b3
{[%clk 0:01:34]} Nd6 {[%clk 0:02:35]} 28. Ng5 {[%clk 0:00:36]} Bxg5
{[%clk 0:02:26]} 29. Qxg5 {[%clk 0:00:38]} Nf5 {[%clk 0:02:27]} 30. Qd8+
{[%clk 0:00:21]} Rf8 {[%clk 0:02:28]} 31. Qd3 {[%clk 0:00:23]} Rf6
{[%clk 0:02:11]} 32. Rg2 {[%clk 0:00:15]} Nh4 {[%clk 0:01:25]} 33. Rg3
{[%clk 0:00:07]} Rg6 {[%clk 0:01:05]} 34. Qd8+ {[%clk 0:00:05]} Kf7
{[%clk 0:01:08]} 35. Qd3 {[%clk 0:00:04]} Rxg3 {[%clk 0:00:48]} 36. Kxg3
{[%clk 0:00:06]} Nf5+ {[%clk 0:00:46]} 37. Kh2 {[%clk 0:00:09]} h5
{[%clk 0:00:46]} 38. Bb2 {[%clk 0:00:10]} h4 {[%clk 0:00:42]} 39. Be5
{[%clk 0:00:11]} Ng3 {[%clk 0:00:40]} 40. Qd1 {[%clk 0:00:10]} Nf5
{[%clk 0:00:15]} 41. Qh5+ {[%clk 0:00:08]} Kg8 {[%clk 0:00:17]} 42. Qe2
{[%clk 0:00:09]} Qc5 {[%clk 0:00:14]} 43. Qg2 {[%clk 0:00:07]} Ng3
{[%clk 0:00:13]} 44. Qa8+ {[%clk 0:00:09]} Kh7 {[%clk 0:00:16]} 45. Qe4+
{[%clk 0:00:12]} Nxe4 0-1